<?xml version="1.0" encoding="UTF-8"?>
<record
    xmlns:xsi="http://www.w3.org/2001/XMLSchema-instance"
    xsi:schemaLocation="http://www.loc.gov/MARC21/slim http://www.loc.gov/standards/marcxml/schema/MARC21slim.xsd"
    xmlns="http://www.loc.gov/MARC21/slim">

  <leader>00665nam a22002177a 4500</leader>
  <controlfield tag="003">UA-OsUOA</controlfield>
  <controlfield tag="001"> 33281 </controlfield>
  <controlfield tag="007">ta</controlfield>
  <controlfield tag="008">20050211b un ||||| |||| 00| 0 ukr d</controlfield>
  <datafield tag="090" ind1=" " ind2=" ">
    <subfield code="a">94(477).09(092)</subfield>
    <subfield code="b">&#x421;56</subfield>
  </datafield>
  <datafield tag="942" ind1=" " ind2=" ">
    <subfield code="c">BK</subfield>
  </datafield>
  <datafield tag="040" ind1=" " ind2=" ">
    <subfield code="a">UA-OsUOA</subfield>
    <subfield code="b">rus</subfield>
    <subfield code="c">UA-OsUOA</subfield>
    <subfield code="d">UA-OsUOA</subfield>
  </datafield>
  <datafield tag="245" ind1=" " ind2=" ">
    <subfield code="a">&#x423;&#x43A;&#x440;&#x430;&#x438;&#x43D;&#x441;&#x43A;&#x430;&#x44F; &#x421;&#x421;&#x420; &#x432; &#x43F;&#x435;&#x440;&#x438;&#x43E;&#x434; &#x43A;&#x43E;&#x440;&#x435;&#x43D;&#x43D;&#x43E;&#x433;&#x43E; &#x43F;&#x435;&#x440;&#x435;&#x43B;&#x43E;&#x43C;&#x430; &#x432; &#x445;&#x43E;&#x434;&#x435; &#x412;&#x435;&#x43B;&#x438;&#x43A;&#x43E;&#x439; &#x43E;&#x442;&#x435;&#x447;&#x435;&#x441;&#x442;&#x432;&#x435;&#x43D;&#x43D;&#x43E;&#x439; &#x432;&#x43E;&#x439;&#x43D;&#x44B; (19 &#x43D;&#x43E;&#x44F;&#x431;&#x440;&#x44F; 1942 &#x433;. - &#x43A;&#x43E;&#x43D;&#x435;&#x446; 1943 &#x433;.)</subfield>
    <subfield code="c">&#x421;&#x43E;&#x441;&#x442;. &#x412;. &#x41D;.&#x41D;&#x435;&#x43C;&#x44F;&#x442;&#x44B;&#x439;</subfield>
  </datafield>
  <datafield tag="300" ind1=" " ind2=" ">
    <subfield code="a">520 &#x441;.</subfield>
  </datafield>
  <datafield tag="955" ind1=" " ind2=" ">
    <subfield code="a">0</subfield>
  </datafield>
  <datafield tag="041" ind1=" " ind2=" ">
    <subfield code="a">rus</subfield>
  </datafield>
  <datafield tag="080" ind1=" " ind2=" ">
    <subfield code="a">94(477).09(092)</subfield>
  </datafield>
  <datafield tag="260" ind1=" " ind2=" ">
    <subfield code="c">1980</subfield>
  </datafield>
  <datafield tag="044" ind1=" " ind2=" ">
    <subfield code="a">UA</subfield>
  </datafield>
  <datafield tag="650" ind1=" " ind2="7">
    <subfield code="2">UDC</subfield>
  </datafield>
  <datafield tag="999" ind1=" " ind2=" ">
    <subfield code="c">319743</subfield>
    <subfield code="d">319743</subfield>
  </datafield>
</record>
